00719nam a2200241 a 4500001001300000003000900013005001700022008004100039020001000080082001900090100001500109245007600124260004300200300000900243500003500252505001000287650001600297700001500313902000800328942000700336952011900343999001500462nice12345678IN_TiNIC20260116011421.0050524s1930 lona grp 000 0 eng  ac10000a305.40954bCAT aCaton, A R aKey of Progressb Survey of the Status and Conditions of Women in India aLondonbOxford University Press c1930 a250p aincludes index and biblioraphy2 aindex aWomen-India1 aCaton, A R bSRS cBK 001040708StackRoom-aHMIbHMId2007-03-21g100.00l0o305.40954 CATp01244r2007-03-21v100.00w2005-05-24yBK c1338d1338